Class, party and the political system in Britain : 1867-1914

Αποθηκεύτηκε σε:
Λεπτομέρειες βιβλιογραφικής εγγραφής
Κύριος συγγραφέας: Belchem, John
Μορφή: Βιβλίο
Γλώσσα:English
Δημοσίευση: Oxford : Basil Blackwell, 1990
Σειρά:Historical Association studies
Θέματα:
Ετικέτες: Προσθήκη ετικέτας
Δεν υπάρχουν, Καταχωρήστε ετικέτα πρώτοι!

MARC

LEADER 00000nam a2200000 i 4500
001 1/6108
008 960624s1990 eng d
020 |a 0-631-15876-6 
035 |l 10016239 
040 |a GR-MY-UA  |b gre  |e aacr 
041 0 |a eng 
082 0 |a 320.94109034 
100 1 |a Belchem, John. 
245 1 0 |a Class, party and the political system in Britain :  |b 1867-1914 /  |c John Belchem 
260 |a Oxford :   |b Basil Blackwell,   |c 1990 
300 |a 102 p. 
490 1 |a Historical Association studies 
504 |a Includes bibliographical references 
650 0 0 |a Political parties  |z Great Britain  |x History. 
650 0 0 |a Social classes  |z Great Britain  |x History. 
651 0 |a Great Britain  |x Politics and government  |y 1837-1901. 
651 0 |a Great Britain  |x Politics and government  |y 1901-1936. 
830 0 |a Historical Association studies 
852 |a INST  |b LESVOS  |e 19970512  |h 320.94109034 BEL  |p 005100004564  |q 005100004564  |t BK  |y 0 
852 |a INST  |b LESVOS  |e 19960624  |h 320.94109034 BEL  |p 005100009854  |q 005100009854  |t BK  |y 0 
909 |a Λ  |b 044419